Online Catalogue and eLibrary

Gender,leprosy and leprosy control : (Record no. 3043)

MARC details
000 -LEADER
fixed length control field 00526nam a2200193Ia 4500
005 - DATE AND TIME OF LATEST TRANSACTION
control field 20240822060335.0
008 - FIXED-LENGTH DATA ELEMENTS--GENERAL INFORMATION
fixed length control field 240331s9999 xx 000 0 und d
020 ## - INTERNATIONAL STANDARD BOOK NUMBER
ISBN 906832716X
082 ## - DDC Classification
Item Number - Author Mark BUR
Class No. 616
100 ## - MAIN ENTRY--PERSONAL NAME
Personal name Burathoki, K.
245 #0 - TITLE STATEMENT
Title Gender,leprosy and leprosy control :
Remainder of title a case study in the Far west and eastern development regions, Nepal
260 ## - PUBLICATION, DISTRIBUTION, ETC.
Place of publication, distribution, etc. Amsterdam
Name of publisher, distributor, etc. KIT Publishers
Date of publication, distribution, etc. 2004
300 ## - PHYSICAL DESCRIPTION
Extent (e.g. Volumes, Pages etc.) 120 p .,
650 ## - SUBJECT ADDED ENTRY--TOPICAL TERM
Topical term or geographic name entry element Gender
650 ## - SUBJECT ADDED ENTRY--TOPICAL TERM
Topical term or geographic name entry element Cultural
650 ## - SUBJECT ADDED ENTRY--TOPICAL TERM
Topical term or geographic name entry element Women
650 ## - SUBJECT ADDED ENTRY--TOPICAL TERM
Topical term or geographic name entry element Economic
942 ## - Koha item type (Biblio)
Koha item type Books in Stacks (Lending)
Holdings
Lost status Damaged status Collection code Home library Current library Shelving location Date acquired Full call number Accession Number Item type
    Lending WERC Library WERC Library Social Science Cupboard 03/31/2024 616 BUR 1955 Books in Stacks (Lending)

© WERC Library